000
00283nam a2200109Ia 4500
008
201224s9999 xx 000 0 und d
100
_a
Misra, R P (Ed.)
245
0
_a
Environmental Etics: a dialogue of cultures.
260
_a
Delhi
_b
Concept Publishing
300
_a
207
942
_c
BK
999
_c
9053
_d
9053